Let's find out : Student's book
Guardado en:
| Autor principal: | |
|---|---|
| Formato: | Libro |
| Lenguaje: | Undetermined |
| Publicado: |
Québec, Canada
Didier
1985
|
| Materias: | |
| Etiquetas: |
Agregar Etiqueta
Sin Etiquetas, Sea el primero en etiquetar este registro!
|
| Thư viện lưu trữ: | Trung tâm Học liệu Trường Đại học Cần Thơ |
|---|
| LEADER | 00542nam a2200193Ia 4500 | ||
|---|---|---|---|
| 001 | CTU_41198 | ||
| 008 | 210402s9999 xx 000 0 und d | ||
| 082 | |a 428.64 | ||
| 082 | |b L645/B.2 | ||
| 100 | |a Gagné, Antonnette | ||
| 245 | 0 | |a Let's find out : | |
| 245 | 0 | |b Student's book | |
| 245 | 0 | |c Antonnette Gagné, Wendy Magahay-Johnson | |
| 260 | |a Québec, Canada | ||
| 260 | |b Didier | ||
| 260 | |c 1985 | ||
| 650 | |a English language,Readers (Elementary) | ||
| 904 | |i Minh | ||
| 980 | |a Trung tâm Học liệu Trường Đại học Cần Thơ | ||